Statistiques concernant Top 10 pays avec le plus de Burger King

Cliquez ici pour prendre le quiz!

Statistiques générales

  • Ce quiz a été pris 854 fois
  • Le résultat moyen est 9 sur 10

Statistiques - réponses

Nombre estimésPays% Correct
500France
100%
7000Etats-Unis
98%
700Allemagne
92%
750Espagne
92%
300Canada
91%
600Royaume-Uni
89%
1000Mexique
81%
1300Brésil
80%
250Russie
74%
200Australie
67%

Distribution des résultats

Percentile par nombre de réponses

% des personnes avec chaque résultat

Votre développement - résultats

Vous n’avez pas pris ce quiz